000
00256nam a22001097a 4500
999
_c
169546
_d
169546
082
_a
_b
100
_a
Chhabila Kumar Meher
245
_a
Muktibodh:
_b
mulya aur mulyankan/
_c
by Chhabila Kumar Meher.
260
_a
_b
_c
2016.
650
_a
942
_c
BK